Представление документа в формате MARC21

Поле Инд. ПП Название Значение
Тип записи a
Библиографический уровень b
001 Контрольный номер RU/IS/BASE/264554155
005 Дата корректировки 20200525155431.3
008 Кодируемые данные 19980120
084 a Индекс другой классификации/Индекс ББК 83.3(2=411.2)52
100 10 a Автор Попова И.
245 00 a Заглавие Смех и слезы в "Повестях Белкина"
600 14 a Персоналии Пушкин Александр Сергеевич
650 04 a Основная рубрика история литературы
a Основная рубрика литературоведение
a Основная рубрика филологические науки
653 00 a Ключевые слова "Барышня-крестьянка"
a Ключевые слова "Повести Белкина"
a Ключевые слова XIX век
a Ключевые слова повести
a Ключевые слова подтекст
a Ключевые слова Россия
a Ключевые слова русская литература
a Ключевые слова смеховой подтекст
a Ключевые слова сюжеты произведений
a Ключевые слова художественные образы
773 00 t Заглавие источника Новое литературное обозрение
d Дата издания источника 1997
g Прочая информация № 23. - C.118 - 121
w Контрольный № источника RU/IS/BASE/123079598
901 t Тип документа b